[Event "10th Paul Keres mem"]
[Site "Tallinn URS"]
[Date "1987.04.??"]
[Round "13"]
[White "Karner, Hillar"]
[Black "Karlsson, Lars"]
[Result "1/2-1/2"]
[WhiteElo "2390"]
[BlackElo "2480"]
[EventDate "1987.04.06"]
[PlyCount "149"]

1.e4 e6 2.d4 d5 3.Nc3 Bb4 4.e5 Qd7 5.a3 Bf8 6.Nf3 b6 7.Bb5 Nc6 8.Ne2 Bb7 
9.Nf4 a6 10.Ba4 Nge7 11.h4 h6 12.Nh5 O-O-O 13.b4 Qe8 14.Nf4 Kb8 15.c3 Nc8 
16.O-O g6 17.g3 Be7 18.Nd3 Qg8 19.Nh2 g5 20.h5 f5 21.exf6 Bxf6 22.Ng4 Bg7 
23.Bxc6 Bxc6 24.Nge5 Be8 25.a4 Nd6 26.Qe2 Nc4 27.g4 Qh7 28.f3 Rf8 29.Be3 
Kb7 30.Kg2 Bxe5 31.dxe5 Nxe3+ 32.Qxe3 d4 33.cxd4 Bc6 34.b5 axb5 35.Nb4 
bxa4 36.Qe2 Qd7 37.Qa6+ Kb8 38.Nxc6+ Qxc6 39.Rxa4 Rf4 40.Qa7+ Kc8 41.Qa8+ 
Kd7 42.Qxc6+ Kxc6 43.Rc1+ Kb7 44.Rac4 c5 45.dxc5 Rxc4 46.Rxc4 b5 47.c6+ 
Kc7 48.Rc5 b4 49.f4 b3 50.Rc1 gxf4 51.Kf3 b2 52.Rb1 Rb8 53.Kxf4 Kxc6 54.g5
Rb4+ 55.Kg3 hxg5 56.h6 Kd5 57.h7 Rh4 58.Rxb2 Rxh7 59.Rb5+ Ke4 60.Kg4 Rf7 
61.Kxg5 Rf5+ 62.Kg4 Rxe5 63.Rb6 Kd4 64.Rd6+ Kc5 65.Ra6 Re1 66.Kf3 Kd5 67.
Ra5+ Kd4 68.Ra4+ Ke5 69.Ra5+ Kf6 70.Kf2 Rb1 71.Ke3 e5 72.Ra8 Re1+ 73.Kf2 
Re4 74.Kf3 Rh4 75.Ke3 1/2-1/2

[Event "10th Paul Keres mem"]
[Site "Tallinn URS"]
[Date "1987.04.??"]
[Round "13"]
[White "Lerner, Konstantin"]
[Black "Romanishin, Oleg"]
[Result "0-1"]
[WhiteElo "2555"]
[BlackElo "2570"]
[EventDate "1987.04.06"]
[PlyCount "87"]

1.d4 Nf6 2.c4 d5 3.Nc3 g6 4.Bf4 Bg7 5.e3 c6 6.Nf3 O-O 7.h3 Qb6 8.Qb3 Bf5 
9.Be2 Na6 10.Qxb6 axb6 11.cxd5 Nxd5 12.Nxd5 cxd5 13.Kd2 Rfc8 14.Rac1 Nc5 
15.dxc5 Bxb2 16.Ra1 Rxc5 17.Rhb1 Bxb1 18.Rxb1 Rxa2 19.Kd1 f6 20.e4 e5 21.
Be3 d4 22.Bd2 Kg7 23.Bd3 Ra1 24.Rxa1 Bxa1 25.Bb4 Rc8 26.g4 Bc3 27.Bd6 Kf7 
28.Ke2 Ke6 29.Ba3 Ra8 30.Bc4+ Kd7 31.Bc1 g5 32.Kd3 Ra1 33.Kc2 Kc6 34.Ng1 
Kc5 35.Bg8 d3+ 36.Kxd3 Rxc1 37.Ne2 Rh1 38.Nxc3 Rxh3+ 39.Kd2 Rf3 40.Nd5 
Rxf2+ 41.Ke3 Rf1 42.Ke2 Rg1 43.Nxf6 h6 44.Kf2 0-1

[Event "10th Paul Keres mem"]
[Site "Tallinn URS"]
[Date "1987.04.??"]
[Round "13"]
[White "Van der Sterren, Paul"]
[Black "Kochiev, Alexander"]
[Result "0-1"]
[WhiteElo "2520"]
[BlackElo "2445"]
[EventDate "1987.04.06"]
[PlyCount "74"]

1.d4 Nf6 2.Nf3 g6 3.Bg5 Bg7 4.c3 O-O 5.Nbd2 d6 6.e4 Qe8 7.Bc4 Nc6 8.O-O e5
9.Re1 h6 10.Bh4 Nh5 11.dxe5 Nxe5 12.Nxe5 dxe5 13.f3 Bf6 14.Bf2 Qe7 15.Qb3 
Nf4 16.Nf1 Bh4 17.Ng3 a5 18.a4 b6 19.Rad1 h5 20.Qc2 Bd7 21.b3 Rad8 22.Nf1 
Bxf2+ 23.Qxf2 Be6 24.Bxe6 Qxe6 25.Qc2 Qe7 26.g3 Qc5+ 27.Kh1 Ne6 28.Kg2 h4 
29.Rxd8 Rxd8 30.Ne3 Kg7 31.Nc4 c6 32.Rf1 b5 33.Nb2 Qe3 34.Rf2 hxg3 35.hxg3
Qg5 36.g4 Qh4 37.Kg1 Nf4 0-1

[Event "10th Paul Keres mem"]
[Site "Tallinn URS"]
[Date "1987.04.??"]
[Round "13"]
[White "Yrjola, Jouni"]
[Black "Psakhis, Lev"]
[Result "1/2-1/2"]
[WhiteElo "2415"]
[BlackElo "2575"]
[EventDate "1987.04.06"]
[PlyCount "26"]

1.d4 Nf6 2.c4 e6 3.Nc3 Bb4 4.Nf3 b6 5.Qb3 c5 6.dxc5 bxc5 7.g3 Nc6 8.Bg2 
Ne4 9.O-O Bxc3 10.bxc3 Ba6 11.Qa4 Bc8 12.Be3 Rb8 13.Rac1 O-O 1/2-1/2